A fish out of water / (Record no. 113334)
[ view plain ]
| 000 -LEADER | |
|---|---|
| fixed length control field | 00564nam a2200205 a 4500 |
| 001 - CONTROL NUMBER | |
| control field | 0019 |
| 005 - DATE AND TIME OF LATEST TRANSACTION | |
| control field | 20140414132014.0 |
| 008 - FIXED-LENGTH DATA ELEMENTS--GENERAL INFORMATION | |
| fixed length control field | 040726s19uu xx 00 eng d |
| 020 ## - INTERNATIONAL STANDARD BOOK NUMBER | |
| International Standard Book Number | 0-394-80023-0 |
| 050 ## - LIBRARY OF CONGRESS CALL NUMBER | |
| Classification number | TR |
| Item number | F52 1961 |
| 100 ## - MAIN ENTRY--PERSONAL NAME | |
| Personal name | Palmer, Helen |
| 245 ## - TITLE STATEMENT | |
| Title | A fish out of water / |
| Statement of responsibility, etc | by Helen Palmer ; illustrated by P. D. Eastman. |
| 260 ## - PUBLICATION, DISTRIBUTION, ETC. (IMPRINT) | |
| Place of publication, distribution, etc | New York : |
| Name of publisher, distributor, etc | Random House, |
| Date of publication, distribution, etc | 1961. |
| 300 ## - PHYSICAL DESCRIPTION | |
| Extent | 64 p. : ill. ; cm. |
| 440 ## - SERIES STATEMENT/ADDED ENTRY--TITLE | |
| Title | Beginner Books, B-23 |
| 650 ## - SUBJECT ADDED ENTRY--TOPICAL TERM | |
| Topical term or geographic name as entry element | Fish |
| General subdivision | Fiction. |
| 650 ## - SUBJECT ADDED ENTRY--TOPICAL TERM | |
| Topical term or geographic name as entry element | Children stories. |
| Withdrawn status | Lost status | Damaged status | Use restrictions | Home library | Current library | Shelving location | Date acquired | Source of acquisition | Total Checkouts | Full call number | Barcode | Date last seen | Price effective from | Koha item type |
|---|---|---|---|---|---|---|---|---|---|---|---|---|---|---|
| Munich Library | Munich Library | Teachers Reference Section | 07/26/2004 | TR F52 1961 | M4883 | 04/14/2014 | 04/14/2014 | Books | ||||||
| Munich Library | Munich Library | Teachers Reference Section | 03/22/2011 | TR F52 1961 | M5327 | 04/14/2014 | 04/14/2014 | Books |